00684cam a2200217 i 4500999001900000001000900019005001700028008004100045020002500086040001300111082002100124100001700145245007600162250001200238260003100250300004800281500002200329650001200351942000700363952009600370 c118005d1180052011435620200728105013.0171101s2019 maua 001 0 eng  a9780134756998 (hbk.) cPK-LaUMT00a512.9223bLEH-E1 aLehmann, Jay10aElementary algebra :bgraphs & authentic applications /cby Jay Lehmann a3rd ed. aNew York :bPearson,c2019 axxv, 692 p. :bcolor illustrations ;c29 cm aIncludes indexes. 0aAlgebra cBK 00104070a01b01d2020-07-28l0o512.9 LEH-Ep134443r2020-07-28 00:00:00w2020-07-28yBK